[Event "World U20-ch18"]
[White "Terada, Yoshiada"]
[Black "Barbero, Gerardo F"]
[Site "Skien"]
[Round "1"]
[Result "0-1"]
[Date "1979.07.??"]
[WhiteElo "2200"]
[BlackElo "2200"]
[PlyCount "62"]
[EventDate "1979.08.28"]
[EventType "swiss"]
[EventRounds "13"]
[EventCountry "NOR"]
[SourceTitle "EXT 2020"]
[Source "ChessBase"]
[SourceDate "2019.10.17"]
[SourceVersion "1"]
[SourceVersionDate "2019.10.17"]
[SourceQuality "1"]

1. e4 e5 2. Nf3 Nc6 3. Bb5 Nf6 4. 0-0 d6 5. Re1 Bd7 6. c3 Be7 7. d4 0-0 8. d5 Nb8 9. Bxd7 Nbxd7 10. Nbd2 c6 11. c4 Nc5 12. Qc2 cxd5 13. exd5 a5 14. a4 Nh5 15. Ne4 b6 16. h3 f5 17. Nxc5 bxc5 18. Nxe5 dxe5 19. Rxe5 Bd6 20. Rxf5 Re8 21. Qc3 Nf6 22. Be3 Qd7 23. Rf3 Re4 24. Re1 Qe7 25. Kf1 Re8 26. b3 Bc7 27. Qd2 Qd6 28. g3 Qd7 29. Kg2 R4e5 30. Rh1 Ne4 31. Qd3 Rf5 0-1